CFD Analysis of Microvortex Generators (Record no. 326028)

000 -LEADER
fixed length control field 00368 a2200133 4500
001 - CONTROL NUMBER
control field 90955
082 ## - DEWEY DECIMAL CLASSIFICATION NUMBER
Classification number PR 1672
090 ## - LOCALLY ASSIGNED LC-TYPE CALL NUMBER (OCLC); LOCAL CALL NUMBER (RLIN)
-- 43090
-- 43090
100 ## - MAIN ENTRY--PERSONAL NAME
Personal name Abdullah Ilyas; Prof Kashif and Taimur Shams (Advisors)
245 ## - TITLE STATEMENT
Title CFD Analysis of Microvortex Generators
Number of part/section of a work 75th 'A' EC
260 ## - PUBLICATION, DISTRIBUTION, ETC.
Place of publication, distribution, etc. Rawalpindi
Name of publisher, distributor, etc. NUST
Date of publication, distribution, etc. 2013
300 ## - PHYSICAL DESCRIPTION
Extent ix;71p
500 ## - GENERAL NOTE
General note BE Project Reports
942 ## - ADDED ENTRY ELEMENTS (KOHA)
Institution code [OBSOLETE] CAE NUST
Call number prefix PR 1672
Holdings
Withdrawn status Lost status Damaged status Not for loan Collection code Permanent Location Current Location Date acquired Total Checkouts Full call number Barcode Date last seen Price effective from Koha item type
          College of Aeronautical Engineering (CAE) College of Aeronautical Engineering (CAE) 04/03/2017   PR 1672 CAEPR-1672 04/05/2017 04/05/2017 Book
© 2023 Central Library, National University of Sciences and Technology. All Rights Reserved.